| 000 | 00461nam a22001457a 4500 | ||
|---|---|---|---|
| 082 | _aP-600 | ||
| 100 |
_aAhmad Bilal _926125 |
||
| 245 |
_aUsing waste glass and recyeled aggregate & it's cost effect analysis as compared to normal concrete _cAhmad Bilal, Muhammad Rehan Arshad |
||
| 260 |
_aRisalpur _bMCE _c2014 |
||
| 300 | _a98 p. : | ||
| 526 |
_a0 _b0 _c0 _dP_600 |
||
| 650 | _aProject | ||
| 700 |
_aDr Muhammad Maqbool Sadiq Lt Col _948357 |
||
| 942 |
_2ddc _cBK |
||
| 999 |
_c551331 _d551331 |
||